000 00298nam a2200121Ia 4500
008 230907s9999||||xx |||||||||||||| ||und||
082 _a869.342
_bCOE
245 0 _aAdultery /
260 _aVintage Books,
_bNew Delhi :
_c2014
300 _a272 p.
650 _aEnglish Literature
_9318
942 _cBK
999 _c599804
_d599804